00921nam a22002177a 45000010005000000030006000050050017000110080041000280200018000690400029000870820008001161000025001242450048001492600060001973000054002575050008003115200309003195210020006285210020006487000035006689764FISKH20260212115658.0260212b cb ||||| |||| 00| 0 eng d a9781843227465 aFISKHbengcFISKHdFISKH a590 aGreen , Jen eAuthor aFind out about rainforest / cBy Jen Green  aWigston, Leicestershire, England : bArmadillo,c2013 . a64 pages : bcolor illustrations ; c20 X 20 cm . aU  aExplore the tallest treetops, investigate the noises of the rainforest canopy, and learn about the mysterious secrets of the rainforest with this exciting book. Easy-to-do projects show how to track animals and plant a mini-jungle, and amazing facts inspire kids to find out more about the natural world 8 a820 bLexile 8 aU bRaz-Plus  aSweet , Stephen eIllustrator